| 000 | 00348nam a2200133Ia 4500 | ||
|---|---|---|---|
| 008 | 240624s9999 xx 000 0 und d | ||
| 041 | _aeng | ||
| 082 | _a338.87 SOM | ||
| 100 | _aSOMANATH V S | ||
| 245 | _aMICRO CLUSTERS FEEL GLOBAL BE LOCAL | ||
| 260 |
_c2010 _aNew Delhi _bExcel Books |
||
| 300 | _axvii, : 173 : p. : cm. ; 21 | ||
| 365 |
_cRS _b30 |
||
| 999 |
_c14717 _d14717 |
||